A preamble vnto an incounter with P.R. the author of the deceitfull treatise of mitigation : concerning the Romish doctrine both in question of rebellion and aequiuocation: by Thomas Morton. Published by authoritie.

Bibliographic Details
Main Author: Morton, Thomas, 1564-1659
Other Authors: Parsons, Robert, 1546-1610
Format: eBook
Language:English
Published: London : Printed by Melch. Bradwood for Iohn Bill and Edmond Weauer, 1608.
Series:Early English books online.
Subjects:
Online Access:Connect to the full text of this electronic book

MARC

Tag First Indicator Second Indicator Subfields
LEADER 00000nam a2200000 4500
001 in00004229321
005 20200806095512.0
006 m g d
007 cr bn |||a|bb|
008 910206s1608 enk o 00| | eng d
035 |a (UnM)99840242 
037 |a CL0036000023  |b ProQuest. 789 E. Eisenhower Parkway, Ann Arbor, MI 48108-3218 
040 |a Cu-RivES  |c Cu-RivES  |d CStRLIN  |e dcrb  |d WaOLN 
100 1 |a Morton, Thomas,  |d 1564-1659. 
240 1 0 |a Preamble unto an incounter with P.R. the author of the deceitfull treatise of mitigation. 
245 0 2 |a A preamble vnto an incounter with P.R. the author of the deceitfull treatise of mitigation :  |b concerning the Romish doctrine both in question of rebellion and aequiuocation: by Thomas Morton. Published by authoritie. 
246 2 |a Preamble unto an incounter with P.R. the author of the deceitfull treatise of mitigation. 
246 2 |a Preamble vnto the incounter against the mitigation of P.R. 
246 2 |a Preamble unto the incounter against the mitigation of P.R. 
260 |a London :  |b Printed by Melch. Bradwood for Iohn Bill and Edmond Weauer,  |c 1608. 
300 |a 1 online resource ([14], 128 pages) 
336 |a text  |b txt  |2 rdacontent 
337 |a computer  |b c  |2 rdamedia 
338 |a online resource  |b cr  |2 rdacarrier 
500 |a P.R. = Robert Parsons. 
500 |a Running title reads: A preamble vnto the incounter against the mitigation of P.R. 
500 |a Reproduction of the original in the Cambridge University Library. 
510 4 |a STC (2nd edition)  |c 18191. 
533 |a Electronic reproduction.  |b Ann Arbor, Mich. :  |c UMI,  |d 1999-  |f (Early English books online)  |n Digital version of: (Early English books, 1475-1640 ; 854:08)  |7 s1999 miun s 
600 1 0 |a Parsons, Robert,  |d 1546-1610.  |t Treatise tending to mitigation towards Catholicke subjectes in England  |v Early works to 1800. 
610 2 0 |a Catholic Church  |v Controversial literature  |v Early works to 1800. 
650 0 |a Catholics  |z England  |v Early works to 1800. 
700 1 |a Parsons, Robert,  |d 1546-1610. 
830 0 |a Early English books online. 
856 4 0 |u http://proxy.library.tamu.edu/login?url=https://search.proquest.com/docview/2240897010  |z Connect to the full text of this electronic book  |t 0 
999 f f |s 417da84d-4268-3bdd-9062-0b233bf1f764  |i 9b36ac69-7d35-3841-876b-65bbd2d332a7  |t 0 
952 f f |a Texas A&M University  |b College Station  |c Electronic Resources  |d Available Online  |t 0  |h No information provided 
998 f f |t 0  |l Available Online